Valor nutritivo de los alimentos para Centroamérica y Panamá /
Valor nutritivo de los alimentos para facilitar la evaluación de dietas, los valores nutritivos de los alimentos estan presentados en porciones y medidas de uso común en Centroamerica y Panamá./ACM
Guardado en:
| 主要作者: | |
|---|---|
| 企業作者: | |
| 其他作者: | , |
| 格式: | Texto |
| 語言: | Spanish |
| 出版: |
Guatemala:
INCAP
1971
|
| 主題: | |
| 標簽: |
添加標簽
沒有標簽, 成為第一個標記此記錄!
|
MARC
| LEADER | 00000 a a2200000 04500 | ||
|---|---|---|---|
| 001 | 19961 | ||
| 003 | CRAI/IIS | ||
| 005 | 20210611144519.0 | ||
| 008 | 210421b1971 gt ||||| |||| 00| 0 spa d | ||
| 040 | |a Centro de Recursos para el aprendizaje |b Español |c CRAI/IIS | ||
| 090 | |a 15.03.02 F634v | ||
| 100 | |a Flores, Marina | ||
| 110 | |a Instituto de Nutrición de Centroamérica y Panamá | ||
| 245 | |a Valor nutritivo de los alimentos para Centroamérica y Panamá / |c Marina Flores | ||
| 260 | |a Guatemala: |b INCAP |c 1971 | ||
| 300 | |a 18 p. | ||
| 500 | |a Colección Centroamérica | ||
| 520 | |a Valor nutritivo de los alimentos para facilitar la evaluación de dietas, los valores nutritivos de los alimentos estan presentados en porciones y medidas de uso común en Centroamerica y Panamá./ACM | ||
| 650 | |a ALIMENTACION |0 TESAUROS | ||
| 650 | |a NORMAS ALIMENTARIAS |0 TESAUROS | ||
| 650 | |a VALOR NUTRITIVO |0 TESAUROS | ||
| 650 | |a PUB. INCAP |0 TESAUROS | ||
| 700 | |a Menchú, María Teresa | ||
| 700 | |a Lara, Marta Yolanda | ||
| 852 | 8 | |a 15.03.02 F634v |c 15.03.02 F634v | |
| 942 | |2 ddc |c LI |h 15.03.02 F634v |k 15.03.02 |m F634v |6 150302_F634V | ||
| 999 | |c 8268 |d 8268 | ||
